000 00314nam a22001457a 4500
003 SGT
020 _a9780199498741
082 _a620,SUR
100 _aSURASH KUMAR,G.K.
245 _aBIOLOGY FOR ENGINEERS
250 _a2ND
260 _aINDIA
_bOXFORD HIGHER EDUCATION
300 _a2023
942 _2ddc
_cBK
_05
999 _c25848
_d25848